Conocer y situar al estudiante: reto a la calidad. Seminario Internacional 2002
Gardado en:
| Formato: | Libro |
|---|---|
| Idioma: | Lingua castelá |
| Publicado: |
Santiago
Consejo Superior de Educación
2002
|
| Series: | Seminarios CSE, 6
|
| Subjects: | |
| Tags: |
Engadir etiqueta
Sen Etiquetas, Sexa o primeiro en etiquetar este rexistro!
|
MARC
| LEADER | 00000nam a2200000 a 4500 | ||
|---|---|---|---|
| 001 | UCI9017 | ||
| 003 | CL-VaPUC | ||
| 008 | 081016e20020000CL |||||||||||||||||spa|d | ||
| 020 | |a 9567434190 | ||
| 082 | 0 | 4 | |a 378.1012 |b CON |2 21 |
| 245 | 1 | 0 | |a Conocer y situar al estudiante: reto a la calidad. Seminario Internacional 2002 |
| 300 | |a 201 p | ||
| 942 | |c BK | ||
| 945 | |d 20081016 00:00:00 |a jtorresc | ||
| 260 | |a Santiago |b Consejo Superior de Educación |c 2002 | ||
| 650 | 0 | |a Educación superior |9 223851 | |
| 650 | 0 | |a Calidad de la educación |9 307271 | |
| 650 | 0 | |a Estudiantes |9 257640 | |
| 583 | |a last modification |c 20081016 00:00:00 |k Rodrigo Vera | ||
| 490 | 0 | |a Seminarios CSE, 6 | |
| 999 | |c 331718 |d 331716 | ||
| 952 | |0 0 |1 0 |4 0 |6 378_101200000000000_CON_2002 |7 0 |8 A |9 418757 |a BIBEDU |b BIBEDU |d 2019-11-22 |i 448956K |o 378.1012 CON 2002 |p 448956K |r 2019-11-22 |w 2019-11-22 |y BK |k EDU | ||